00625cam a22001812 4500001001100000005001700011008004100028020002800069040001500097050002600112100003500138245009700173260003900270300001800309650004900327700003400376700003300410000000482320151217145821.0070530s xx 000 0 eng d a8178087677 :cKES 3,800 aKABUcKABU 0aQA76.76b.D47F88 20021 aFutrell, Robert T.@000015565410aQuality software project management /cRobert T. Futrell, Donald F. Shafer, Linda I. Shafer. aIndia :bPearson Education,c2002. axxxi, 1639 p. 0aComputer software xDevelopment.@00001481751 aShafer, Donald F.@00001556551 aShafer, Linda I.@0000155656